| 000 | 00455nam a22001457a 4500 | ||
|---|---|---|---|
| 005 | 20260415094004.0 | ||
| 008 | 260331b |||||||| |||| 00| 0 eng d | ||
| 020 | _a978-93-90020-71-3 | ||
| 050 | _aR 119 .H69 2021 | ||
| 100 | _aPIYUSH GUPTA | ||
| 245 | _aHOW TO WRITE THESIS AND THESIS PROTOCOL: A PRIMER FOR MEDICAL, DENTAL, AND NURSING COURSES | ||
| 260 |
_aNEW DELHI _bJAYPEE BROTHERS MEDICAL PUBLISHERS _c2021 |
||
| 300 | _aX,218 | ||
| 942 |
_2lcc _cBK |
||
| 999 |
_c216904 _d216904 |
||